[Event "Le Blanc et Noir Gp-A op"]
[Site "St Jean sur Richelieu"]
[Date "2020.01.19"]
[Round "4"]
[White "Couture, Jonathan"]
[Black "Kozlov, Guennadi"]
[Result "0-1"]
[WhiteElo "1829"]
[BlackElo "1297"]
[PlyCount "58"]
[EventDate "2020.01.17"]
[EventType "swiss"]
[EventRounds "5"]
[EventCountry "CAN"]
[SourceTitle "CBM 194 Extra"]
[Source "ChessBase"]
[SourceDate "2020.03.31"]
[SourceVersion "1"]
[SourceVersionDate "2020.03.31"]
[SourceQuality "1"]

1. e4 e6 2. b3 Nf6 3. e5 Ng8 4. Bb2 b6 5. Nf3 Bb7 6. Be2 Nh6 7. 0-0 Be7 8. c4 0-0 9. d4 d5 10. Nc3 c5 11. cxd5 exd5 12. Qd2 Nd7 13. Rad1 cxd4 14. Qxd4 Bc5 15. Qf4 f6 16. e6 Ne5 17. Nb5 Qe7 18. Nxe5 fxe5 19. Qxe5 Rf5 20. Qc7 Qxc7 21. Nxc7 Rc8 22. g4 Nxg4 23. e7 Bxe7 24. Bd3 Rf7 25. Ne6 Bd6 26. Bxh7+ Kxh7 27. Ng5+ Kg8 28. Nxf7 Kxf7 29. Rc1 Rh8 0-1

[Event "Le Blanc et Noir Gp-A op"]
[Site "St Jean sur Richelieu"]
[Date "2020.01.17"]
[Round "1"]
[White "Rodrigue Lemieux, Shawn"]
[Black "Couture, Jonathan"]
[Result "1-0"]
[WhiteElo "2253"]
[BlackElo "1829"]
[PlyCount "73"]
[EventDate "2020.01.17"]
[EventType "swiss"]
[EventRounds "5"]
[EventCountry "CAN"]
[SourceTitle "CBM 194 Extra"]
[Source "ChessBase"]
[SourceDate "2020.03.31"]
[SourceVersion "1"]
[SourceVersionDate "2020.03.31"]
[SourceQuality "1"]

1. c4 g6 2. g3 Bg7 3. Bg2 d6 4. Nc3 Nf6 5. e4 0-0 6. Nge2 c6 7. 0-0 e5 8. d3 Ng4 9. h3 Nh6 10. f4 f5 11. Be3 Na6 12. Qd2 Nf7 13. d4 exd4 14. Bxd4 Be6 15. exf5 gxf5 16. Bxg7 Kxg7 17. Nd4 Qf6 18. b3 Rad8 19. g4 Nc5 20. g5 Qg6 21. Rae1 Rfe8 22. h4 Bd7 23. b4 Na6 24. Bf3 h5 25. Qd1 Rh8 26. Re7 Kg8 27. b5 Nb8 28. Rfe1 Rh7 29. bxc6 bxc6 30. Kh1 Nxg5 31. hxg5 Rxe7 32. Rxe7 Be8 33. Qe2 Bf7 34. Nxc6 Nxc6 35. Bxc6 Rc8 36. Bd5 Bxd5+ 37. Nxd5 1-0

[Event "Laval op"]
[Site "Laval"]
[Date "2018.06.24"]
[Round "4"]
[White "Joanis, Marc Andre"]
[Black "Couture, Jonathan"]
[Result "1/2-1/2"]
[WhiteElo "1783"]
[BlackElo "1928"]
[PlyCount "119"]
[EventDate "2018.06.22"]
[EventType "swiss"]
[EventRounds "5"]
[EventCountry "CAN"]
[SourceTitle "CBM 185 Extra"]
[Source "ChessBase"]
[SourceDate "2018.07.29"]
[SourceVersion "1"]
[SourceVersionDate "2018.07.29"]
[SourceQuality "1"]

1. Nf3 g6 2. c4 Bg7 3. g3 d6 4. d4 Nd7 5. Bg2 e5 6. 0-0 Ne7 7. Nc3 0-0 8. e4 Nb6 9. dxe5 Nxc4 10. exd6 Nxd6 11. Bg5 h6 12. Bf4 Be6 13. Qc1 g5 14. Bxd6 cxd6 15. Qd2 Qb6 16. Rfd1 Rfd8 17. h3 g4 18. hxg4 Bxg4 19. Re1 Rac8 20. Rac1 Qa5 21. Nd5 Qxd2 22. Nxe7+ Kf8 23. Nxd2 Kxe7 24. Nc4 Bd4 25. e5 d5 26. Nd6 Rxc1 27. Rxc1 Bxb2 28. Rc7+ Rd7 29. Rxd7+ Bxd7 30. Bxd5 Bxe5 31. Nxb7 f5 32. Nc5 Bc8 33. Nd3 Bd4 34. Kg2 Kd6 35. Bb3 a5 36. Kf3 Ba6 37. Nf4 Bb5 38. Ne2 Bb2 39. Ke3 a4 40. Bc2 Ke5 41. f4+ Kf6 42. Nd4 Bc1+ 43. Kf3 Bd7 44. Ke2 a3 45. Kd3 Kg6 46. Ke2 Bb2 47. Kd3 h5 48. Ke3 h4 49. gxh4 Kh5 50. Nxf5 Kg4 51. Nd4 Bc1+ 52. Kd3 Bxf4 53. Bb3 Kxh4 54. Be6 Be8 55. Nc2 Bc1 56. Kc4 Ba4 57. Bf5 Kg5 58. Bd3 Kf4 59. Kb4 Bxc2 60. Bxc2 1/2-1/2

[Event "Laval op"]
[Site "Laval"]
[Date "2018.06.23"]
[Round "2"]
[White "Vignalou, Joseph"]
[Black "Couture, Jonathan"]
[Result "0-1"]
[WhiteElo "1756"]
[BlackElo "1928"]
[PlyCount "68"]
[EventDate "2018.06.22"]
[EventType "swiss"]
[EventRounds "5"]
[EventCountry "CAN"]
[SourceTitle "CBM 185 Extra"]
[Source "ChessBase"]
[SourceDate "2018.07.29"]
[SourceVersion "1"]
[SourceVersionDate "2018.07.29"]
[SourceQuality "1"]

1. e4 g6 2. d4 Bg7 3. c4 d6 4. Nc3 Nf6 5. f3 0-0 6. Be3 e5 7. d5 a5 8. Qd2 Na6 9. Bd3 Nh5 10. Nge2 f5 11. Bg5 Bf6 12. Bh6 Rf7 13. 0-0-0 Nc5 14. Rhg1 Nf4 15. Bxf4 exf4 16. Bc2 fxe4 17. Nxe4 Nxe4 18. Bxe4 a4 19. Nd4 Be5 20. Qf2 Qf6 21. Rd3 Ra6 22. Rgd1 Rb6 23. R1d2 Rb4 24. Rc2 Bd7 25. Qd2 Rb6 26. h3 Re7 27. Ne6 Be8 28. Nd4 h6 29. Ne6 Kh7 30. Nd4 a3 31. b3 c5 32. dxc6 bxc6 33. c5 dxc5 34. Rxc5 Bd6 0-1

[Event "Laval op"]
[Site "Laval"]
[Date "2018.06.22"]
[Round "1"]
[White "Couture, Jonathan"]
[Black "Chang, Alexander Rz"]
[Result "0-1"]
[WhiteElo "1928"]
[BlackElo "1567"]
[PlyCount "102"]
[EventDate "2018.06.22"]
[EventType "swiss"]
[EventRounds "5"]
[EventCountry "CAN"]
[SourceTitle "CBM 185 Extra"]
[Source "ChessBase"]
[SourceDate "2018.07.29"]
[SourceVersion "1"]
[SourceVersionDate "2018.07.29"]
[SourceQuality "1"]

1. e4 e5 2. Nf3 Nc6 3. Bc4 Bc5 4. b4 Bxb4 5. c3 Ba5 6. d4 exd4 7. 0-0 d6 8. Qb3 Qe7 9. e5 dxe5 10. Ba3 Qf6 11. Re1 Nge7 12. Nbd2 0-0 13. Ne4 Qg6 14. Bxe7 Nxe7 15. Nxe5 Qb6 16. Bxf7+ Kh8 17. Qa3 c5 18. Rab1 Qc7 19. Nxc5 Bxc3 20. Re2 b6 21. Ne6 Bxe6 22. Bxe6 Nc6 23. Nd3 a5 24. Bd5 Rfe8 25. Rxe8+ Rxe8 26. Qa4 Rc8 27. Be6 Rb8 28. Qc4 Qd6 29. a3 Ne5 30. Nxe5 Qxe5 31. Bg4 Qe4 32. Rb3 Qxg4 33. f3 Qh4 34. g3 Qf6 35. Qc7 Qd8 36. Qc4 Qd7 37. Rb5 Rc8 38. Qd3 Qe6 39. Kg2 Re8 40. h4 Qe2+ 41. Qxe2 Rxe2+ 42. Kf1 Re6 43. Rd5 h6 44. a4 Re1+ 45. Kf2 Ra1 46. g4 Rxa4 47. g5 hxg5 48. hxg5 Rc4 49. g6 Rc8 50. Ke2 a4 51. Kd3 a3 0-1

[Event "Montreal Pere Noel"]
[Site "Montreal"]
[Date "2011.12.27"]
[Round "2"]
[White "Couture, Jonathan"]
[Black "Zhu, Hong Rui"]
[Result "1/2-1/2"]
[WhiteElo "1762"]
[BlackElo "2114"]
[PlyCount "92"]
[EventDate "2011.12.26"]
[EventType "swiss"]
[EventRounds "5"]
[EventCountry "CAN"]
[SourceTitle "EXT 2022"]
[Source "ChessBase"]
[SourceDate "2021.10.06"]
[SourceVersion "1"]
[SourceVersionDate "2021.10.06"]
[SourceQuality "1"]

1. c4 c5 2. Nc3 Nc6 3. Nf3 e5 4. g3 g6 5. Bg2 Bg7 6. d3 Nge7 7. e4 d6 8. 0-0 0-0 9. Ne1 Nd4 10. Nc2 Nxc2 11. Qxc2 Nc6 12. Nd5 Be6 13. Be3 Rb8 14. a3 a5 15. Rfb1 b5 16. b3 Nd4 17. Bxd4 cxd4 18. Qd2 Re8 19. a4 b4 20. Rc1 Rc8 21. Re1 Rf8 22. Rf1 f5 23. f3 h5 24. Rf2 Re8 25. Re1 Kh8 26. Bh3 fxe4 27. Bxe6 e3 28. Nxe3 dxe3 29. Qxe3 Rxe6 30. f4 Rf6 31. Ref1 exf4 32. gxf4 Qd7 33. f5 Rxf5 34. Rxf5 gxf5 35. Qg5 Bd4+ 36. Kh1 Qb7+ 37. Qg2 Qf7 38. h3 Rg8 39. Qf3 f4 40. Qe4 Qg7 41. Qd5 Be5 42. Qf3 Qg5 43. Qe2 Qg3 44. Qxh5+ Kg7 45. Rg1 Kf6 46. Rxg3 Rxg3 1/2-1/2